[Event "Platja d'Aro op 4th"]
[Site "Platja d'Aro"]
[Date "2016.07.01"]
[Round "8"]
[White "Fernandez Perez, Didier"]
[Black "Pugachev, Artem"]
[Result "1-0"]
[WhiteElo "2228"]
[BlackElo "2209"]
[PlyCount "81"]
[EventDate "2016.06.25"]
[EventType "swiss"]
[EventRounds "9"]
[EventCountry "ESP"]
[SourceTitle "EXT 2017"]
[Source "ChessBase"]
[SourceDate "2016.10.25"]
[SourceVersion "1"]
[SourceVersionDate "2016.10.25"]
[SourceQuality "1"]

1. d4 Nf6 2. Nf3 c5 3. e3 g6 4. d5 Bg7 5. Nc3 0-0 6. Bc4 d6 7. 0-0 Na6 8. e4 Nc7 9. Qd3 Rb8 10. Re1 Bg4 11. a4 Na6 12. Bxa6 bxa6 13. Nd2 Bc8 14. Nc4 Ng4 15. Bf4 Rb4 16. h3 Ne5 17. Nxe5 dxe5 18. Be3 Qd6 19. Na2 c4 20. Qa3 Rb7 21. Bc5 Qd7 22. Nb4 e6 23. Rad1 a5 24. Nc6 exd5 25. Ne7+ Kh8 26. Rxd5 Qe8 27. Nxc8 Qxc8 28. Bxf8 Qxf8 29. Rxa5 Qxa3 30. bxa3 Rb2 31. Rxa7 Bf8 32. Rxf7 Kg8 33. Rc7 Rxc2 34. Rd1 c3 35. Rd8 Rc1+ 36. Kh2 c2 37. Rd2 Bh6 38. Rdxc2 Ra1 39. Rb7 Rf1 40. Rc8+ Bf8 41. f3 1-0

[Event "Platja d'Aro op 4th"]
[Site "Platja d'Aro"]
[Date "2016.06.30"]
[Round "7"]
[White "Ambartsumova, Karina"]
[Black "Fernandez Perez, Didier"]
[Result "1/2-1/2"]
[WhiteElo "2282"]
[BlackElo "2228"]
[PlyCount "40"]
[EventDate "2016.06.25"]
[EventType "swiss"]
[EventRounds "9"]
[EventCountry "ESP"]
[SourceTitle "EXT 2017"]
[Source "ChessBase"]
[SourceDate "2016.10.25"]
[SourceVersion "1"]
[SourceVersionDate "2016.10.25"]
[SourceQuality "1"]

1. e4 c6 2. d4 d5 3. e5 Bf5 4. Nd2 e6 5. Nb3 Nd7 6. Nf3 Ne7 7. Be2 Nc8 8. a4 Be7 9. a5 a6 10. 0-0 Na7 11. c4 dxc4 12. Bxc4 Nb5 13. Qe2 Nc7 14. Bd2 Nd5 15. Ne1 g5 16. Nd3 Rg8 17. Nbc1 Nf8 18. b4 Ng6 19. Nc5 Ngf4 20. Qe1 Rb8 1/2-1/2

[Event "Platja d'Aro op 4th"]
[Site "Platja d'Aro"]
[Date "2016.06.26"]
[Round "3"]
[White "Dziadyk, Pavel"]
[Black "Fernandez Perez, Didier"]
[Result "1-0"]
[WhiteElo "2243"]
[BlackElo "2228"]
[PlyCount "55"]
[EventDate "2016.06.25"]
[EventType "swiss"]
[EventRounds "9"]
[EventCountry "ESP"]
[SourceTitle "EXT 2017"]
[Source "ChessBase"]
[SourceDate "2016.10.25"]
[SourceVersion "1"]
[SourceVersionDate "2016.10.25"]
[SourceQuality "1"]

1. d4 d5 2. c4 e6 3. Nf3 Nf6 4. Nc3 Nbd7 5. Bg5 h6 6. Bf4 Nh5 7. e3 Nxf4 8. exf4 dxc4 9. Bxc4 Bd6 10. Ne5 0-0 11. 0-0 a6 12. a4 Nxe5 13. fxe5 Bb4 14. Ne4 Bd7 15. Qg4 Bc6 16. Rfd1 Bxe4 17. Qxe4 b5 18. axb5 axb5 19. Bd3 g6 20. Bxb5 Rxa1 21. Rxa1 Qb8 22. Bc4 Qb6 23. Ra6 Qb8 24. Rxe6 Kg7 25. Bd3 Rd8 26. Rxg6+ fxg6 27. Qxg6+ Kf8 28. Bc4 1-0

[Event "Catalunya-chT Gp1"]
[Site "Barcelona"]
[Date "2015.02.28"]
[Round "6.2"]
[White "Pardo Simon, David"]
[Black "Fernandez Perez, Didier"]
[Result "1-0"]
[WhiteElo "2458"]
[BlackElo "2248"]
[PlyCount "53"]
[EventDate "2015.01.24"]
[EventType "team-tourn"]
[EventRounds "7"]
[EventCountry "ESP"]
[SourceTitle "EXT 2016"]
[Source "ChessBase"]
[SourceDate "2015.10.08"]
[SourceVersion "1"]
[SourceVersionDate "2015.10.08"]
[SourceQuality "1"]
[WhiteTeam "Barcelona Escola Escacs"]
[BlackTeam "Figueres"]
[WhiteTeamCountry "ESP"]
[BlackTeamCountry "ESP"]

1. e4 c6 2. d4 d5 3. e5 Bf5 4. h4 h5 5. Bd3 Bxd3 6. Qxd3 e6 7. Nf3 Qb6 8. 0-0 Qa6 9. Qe3 Nh6 10. Nbd2 Nf5 11. Qf4 g6 12. Re1 Qb6 13. c3 a5 14. Ng5 Be7 15. Ndf3 Na6 16. Rb1 c5 17. Be3 0-0 18. g4 hxg4 19. Qxg4 Kg7 20. h5 Rh8 21. hxg6 fxg6 22. Nh3 Rag8 23. Nf4 Kf7 24. dxc5 Qd8 25. Rbd1 Nc7 26. c4 g5 27. Nxe6 1-0

[Event "Catalunya-chT Gp1"]
[Site "Barcelona"]
[Date "2015.02.21"]
[Round "5.4"]
[White "Almeida Toledano, Daniel"]
[Black "Fernandez Perez, Didier"]
[Result "0-1"]
[WhiteElo "2295"]
[BlackElo "2248"]
[PlyCount "114"]
[EventDate "2015.01.24"]
[EventType "team-tourn"]
[EventRounds "7"]
[EventCountry "ESP"]
[SourceTitle "EXT 2016"]
[Source "ChessBase"]
[SourceDate "2015.10.08"]
[SourceVersion "1"]
[SourceVersionDate "2015.10.08"]
[SourceQuality "1"]
[WhiteTeam "Foment Martinenc"]
[BlackTeam "Figueres"]
[WhiteTeamCountry "ESP"]
[BlackTeamCountry "ESP"]

1. e4 c6 2. d4 d5 3. e5 Bf5 4. Nf3 e6 5. Be2 Ne7 6. 0-0 c5 7. Be3 cxd4 8. Nxd4 Nbc6 9. f4 Nxd4 10. Bxd4 Nc6 11. Bf2 g5 12. fxg5 Qxg5 13. Nd2 Rg8 14. g3 Bg4 15. Re1 Bb4 16. c3 Ba5 17. Bxg4 Qxg4 18. Qxg4 Rxg4 19. Nf3 0-0-0 20. Re2 Bc7 21. Rd1 Rdg8 22. Kf1 R8g6 23. Rde1 b5 24. Nd4 Nxd4 25. Bxd4 a6 26. Rf2 Rg7 27. Kg2 Kd7 28. Re3 h5 29. Kh3 Ke8 30. Rf6 R7g6 31. Rxg6 fxg6 32. Kg2 Rg5 33. Kf3 Rf5+ 34. Ke2 g5 35. Kd3 Rf2 36. Re2 Rxe2 37. Kxe2 g4 38. b3 Kf7 39. Kd3 Kg6 40. c4 bxc4+ 41. bxc4 dxc4+ 42. Kxc4 Kf5 43. a4 Bxe5 44. Bb6 Ke4 45. Kb4 Bd4 46. Ka5 Bxb6+ 47. Kxb6 Kd5 48. Kxa6 Kc6 49. Ka5 Kc5 50. Ka6 e5 51. a5 e4 52. Kb7 e3 53. a6 e2 54. a7 e1Q 55. a8Q Qe4+ 56. Ka7 Qxa8+ 57. Kxa8 Kd4 0-1

[Event "Catalunya-chT"]
[Site "Catalunya"]
[Date "2014.03.22"]
[Round "9.3"]
[White "Fernandez Perez, Didier"]
[Black "Perpinya Rofes, Lluis Maria"]
[Result "0-1"]
[WhiteElo "2248"]
[BlackElo "2400"]
[PlyCount "84"]
[EventDate "2014.01.25"]
[EventType "team"]
[EventRounds "11"]
[EventCountry "ESP"]
[SourceTitle "EXT 2015"]
[Source "ChessBase"]
[SourceDate "2014.11.20"]
[SourceVersion "1"]
[SourceVersionDate "2014.11.20"]
[SourceQuality "1"]
[WhiteTeam "Figueres"]
[BlackTeam "Colon Sabadell"]
[WhiteTeamCountry "ESP"]
[BlackTeamCountry "ESP"]

1. d4 Nf6 2. Nf3 g6 3. c4 Bg7 4. e3 0-0 5. Be2 d6 6. Nc3 Nbd7 7. 0-0 e5 8. b3 Re8 9. a4 a5 10. Ba3 e4 11. Nd2 Nf8 12. Qc2 Bf5 13. Nb5 Ne6 14. Rfc1 h5 15. c5 dxc5 16. dxc5 Nd5 17. Rab1 Ndf4 18. Nf1 Qg5 19. exf4 Nxf4 20. Ne3 Rad8 21. Bf1 Nh3+ 22. Kh1 Qf4 23. gxh3 Be5 24. f3 Qxe3 25. Re1 Qf4 26. Bc1 e3 27. Bxe3 Bxc2 28. Bxf4 Bxf4 29. Rxe8+ Rxe8 30. Rb2 Bd1 31. Kg2 Rd8 32. Bc4 c6 33. Nd6 Bxd6 34. cxd6 Rxd6 35. f4 Rd4 36. Rf2 h4 37. f5 g5 38. f6 b5 39. axb5 cxb5 40. Bxb5 Bxb3 41. Re2 Bd5+ 42. Kg1 Kh7 0-1

[Event "Catalunya-chT"]
[Site "Catalunya"]
[Date "2014.01.25"]
[Round "1.3"]
[White "Fernandez Perez, Didier"]
[Black "Fassnacht, Peter"]
[Result "1-0"]
[WhiteElo "2248"]
[BlackElo "2149"]
[PlyCount "111"]
[EventDate "2014.01.25"]
[EventType "team"]
[EventRounds "11"]
[EventCountry "ESP"]
[SourceTitle "CBM 158 Extra"]
[Source "ChessBase"]
[SourceDate "2014.02.28"]
[SourceVersion "1"]
[SourceVersionDate "2014.02.28"]
[SourceQuality "1"]
[WhiteTeam "Figueres"]
[BlackTeam "Andorra"]
[WhiteTeamCountry "ESP"]
[BlackTeamCountry "AND"]

1. d4 Nf6 2. c4 d6 3. Nf3 Nbd7 4. Nc3 e5 5. e4 Be7 6. Be2 0-0 7. 0-0 c6 8. d5 Nc5 9. Qc2 a5 10. b3 Bg4 11. Be3 Nfd7 12. h3 Bxf3 13. Bxf3 Bg5 14. Rfe1 Bxe3 15. Rxe3 g6 16. Rd1 Nf6 17. a3 Qb6 18. Rb1 cxd5 19. exd5 Ne8 20. Be2 Nd7 21. b4 axb4 22. axb4 Rc8 23. Ne4 Qd8 24. Rg3 Qe7 25. c5 Ndf6 26. Nxf6+ Nxf6 27. Rd1 Rfd8 28. c6 e4 29. b5 Nd7 30. Bg4 Rc7 31. Bxd7 Rdxd7 32. b6 Rc8 33. Rc3 Rdd8 34. Ra3 Re8 35. c7 f5 36. Qd2 Qh4 37. Kh2 g5 38. g3 Qh5 39. Re1 h6 40. Kg2 Re5 41. Qd1 Qf7 42. Ra7 f4 43. Qg4 Rf5 44. Rxb7 h5 45. Qd1 fxg3 46. fxg3 Rxd5 47. Qe2 Ra5 48. Qe3 Rf8 49. Rb8 Ra2+ 50. Kg1 Rc2 51. Rxf8+ Qxf8 52. Qxg5+ Kh7 53. Qxh5+ Kg7 54. Qg5+ Kh7 55. Rf1 Qe8 56. Rf6 1-0

[Event "Catalunya-chT Honor"]
[Site "Catalunya"]
[Date "2013.01.19"]
[Round "1.5"]
[White "Camacho Collados, Jose"]
[Black "Fernandez Perez, Didier"]
[Result "1-0"]
[WhiteElo "2339"]
[BlackElo "2257"]
[PlyCount "45"]
[EventDate "2013.01.19"]
[EventType "team-tourn"]
[EventRounds "11"]
[EventCountry "ESP"]
[SourceTitle "CBM 152 Extra"]
[Source "ChessBase"]
[SourceDate "2013.02.25"]
[SourceVersion "1"]
[SourceVersionDate "2013.02.25"]
[SourceQuality "1"]
[WhiteTeam "Montcada"]
[BlackTeam "Figueres"]
[WhiteTeamCountry "ESP"]
[BlackTeamCountry "ESP"]

1. Nf3 d5 2. g3 Nf6 3. Bg2 e6 4. 0-0 Be7 5. c4 0-0 6. cxd5 exd5 7. d3 c6 8. Nc3 Na6 9. e4 dxe4 10. dxe4 Be6 11. e5 Nd5 12. Ne4 Ndb4 13. Bg5 Bd5 14. Re1 Nxa2 15. Nd6 f6 16. Nd4 Bxd6 17. Bxd5+ cxd5 18. exf6 N2b4 19. f7+ Rxf7 20. Bxd8 Rxd8 21. Ne6 Rb8 22. Ng5 Rc7 23. Qg4 1-0

[Event "Palafrugell Gelpi Memorial 27th"]
[Site "Palafrugell"]
[Date "2012.11.10"]
[Round "8"]
[White "Dilme Bosch, Enric"]
[Black "Fernandez Perez, Didier"]
[Result "0-1"]
[WhiteElo "1972"]
[BlackElo "2221"]
[PlyCount "44"]
[EventDate "2012.09.22"]
[EventType "swiss"]
[EventRounds "9"]
[EventCountry "ESP"]
[SourceTitle "EXT 2014"]
[Source "ChessBase"]
[SourceDate "2013.11.20"]
[SourceVersion "1"]
[SourceVersionDate "2013.11.20"]
[SourceQuality "1"]

1. e4 b6 2. d4 Bb7 3. Bd3 e6 4. Qe2 d5 5. e5 c5 6. c3 Qc8 7. Be3 Ba6 8. f4 Bxd3 9. Qxd3 Qa6 10. Qc2 Nc6 11. Ne2 cxd4 12. Bxd4 Nh6 13. 0-0 Nf5 14. g4 Nfxd4 15. Nxd4 Bc5 16. Rd1 Rc8 17. Qd2 h5 18. g5 0-0 19. Kg2 Bxd4 20. cxd4 Ne7 21. Nc3 Nf5 22. Ne2 Rc2 0-1

[Event "Palafrugell Gelpi Memorial 27th"]
[Site "Palafrugell"]
[Date "2012.11.03"]
[Round "7"]
[White "Vidal Zamora, Alex"]
[Black "Fernandez Perez, Didier"]
[Result "0-1"]
[WhiteElo "2189"]
[BlackElo "2221"]
[PlyCount "50"]
[EventDate "2012.09.22"]
[EventType "swiss"]
[EventRounds "9"]
[EventCountry "ESP"]
[SourceTitle "EXT 2014"]
[Source "ChessBase"]
[SourceDate "2013.11.20"]
[SourceVersion "1"]
[SourceVersionDate "2013.11.20"]
[SourceQuality "1"]

1. e4 b6 2. f4 Bb7 3. Nc3 e6 4. Nf3 Bb4 5. Qe2 Nf6 6. e5 Nd5 7. Nxd5 Bxd5 8. b3 a5 9. Bb2 0-0 10. h4 a4 11. a3 Be7 12. b4 d6 13. c4 Bb7 14. h5 Nd7 15. d4 c5 16. h6 g6 17. dxc5 d5 18. f5 gxf5 19. g4 f4 20. cxd5 Bxd5 21. Rd1 bxc5 22. Rh5 Re8 23. g5 Nf8 24. Nd2 cxb4 25. Ne4 bxa3 0-1

[Event "Palafrugell Gelpi Memorial 27th"]
[Site "Palafrugell"]
[Date "2012.10.13"]
[Round "4"]
[White "Vilar Lopez, Monica"]
[Black "Fernandez Perez, Didier"]
[Result "1/2-1/2"]
[WhiteElo "2153"]
[BlackElo "2221"]
[PlyCount "76"]
[EventDate "2012.09.22"]
[EventType "swiss"]
[EventRounds "9"]
[EventCountry "ESP"]
[SourceTitle "EXT 2014"]
[Source "ChessBase"]
[SourceDate "2013.11.20"]
[SourceVersion "1"]
[SourceVersionDate "2013.11.20"]
[SourceQuality "1"]

1. e4 c6 2. d4 d5 3. Nc3 dxe4 4. Nxe4 Bf5 5. Ng3 Bg6 6. h4 h6 7. h5 Bh7 8. Nf3 Nd7 9. Bd3 Bxd3 10. Qxd3 e6 11. Bd2 Ngf6 12. 0-0-0 Be7 13. Ne4 Nxe4 14. Qxe4 Nf6 15. Qd3 b5 16. Ne5 Qd5 17. Kb1 a5 18. f3 0-0 19. g4 Nd7 20. Qe2 Rfd8 21. Rhg1 Nxe5 22. dxe5 Qc5 23. f4 Rd5 24. Be3 Qb4 25. Rxd5 cxd5 26. Qd3 Qc4 27. Qxc4 bxc4 28. Bd4 f6 29. exf6 Bxf6 30. c3 Rb8 31. Kc2 a4 32. Re1 Kf7 33. Be5 Rb6 34. Bd4 Rb7 35. Rf1 Kg8 36. Re1 Kf7 37. Rf1 Kg8 38. Re1 Kf7 1/2-1/2

[Event "Palafrugell Gelpi Memorial 27th"]
[Site "Palafrugell"]
[Date "2012.09.29"]
[Round "2"]
[White "Fernandez Garcia, Francesc"]
[Black "Fernandez Perez, Didier"]
[Result "0-1"]
[WhiteElo "2073"]
[BlackElo "2221"]
[PlyCount "62"]
[EventDate "2012.09.22"]
[EventType "swiss"]
[EventRounds "9"]
[EventCountry "ESP"]
[SourceTitle "EXT 2014"]
[Source "ChessBase"]
[SourceDate "2013.11.20"]
[SourceVersion "1"]
[SourceVersionDate "2013.11.20"]
[SourceQuality "1"]

1. c4 c5 2. g3 g6 3. Bg2 Bg7 4. Nc3 Nc6 5. Nf3 e6 6. d4 cxd4 7. Nb5 d5 8. cxd5 exd5 9. Nbxd4 Nge7 10. 0-0 0-0 11. Be3 Re8 12. Qd2 Nf5 13. Nxf5 Bxf5 14. Rfd1 Qf6 15. b4 Qc3 16. Qxc3 Bxc3 17. Rac1 Bb2 18. Rc5 d4 19. b5 dxe3 20. bxc6 bxc6 21. Rxc6 a5 22. Rb6 Ba3 23. fxe3 Bc5 24. Rb5 Bxe3+ 25. Kf1 Rad8 26. Rbd5 Rxd5 27. Rxd5 Rb8 28. Rd1 Rb2 29. Nd4 Bg4 30. h3 Bd7 31. Nc2 Rxc2 0-1

[Event "Palafrugell Gelpi Memorial 24th"]
[Site "Palafrugell"]
[Date "2011.11.12"]
[Round "7.1"]
[White "Mundet Riera, Jaume"]
[Black "Fernandez Perez, Didier"]
[Result "1/2-1/2"]
[WhiteElo "2136"]
[BlackElo "2229"]
[PlyCount "120"]
[EventDate "2011.09.24"]
[EventType "swiss"]
[EventRounds "9"]
[EventCountry "ESP"]
[SourceTitle "EXT 2024"]
[Source "ChessBase"]
[SourceDate "2023.10.10"]
[SourceVersion "1"]
[SourceVersionDate "2023.10.10"]
[SourceQuality "1"]

1. Nf3 d5 2. g3 c5 3. Bg2 Nc6 4. d4 Nf6 5. 0-0 e6 6. b3 Be7 7. Bb2 0-0 8. Nbd2 cxd4 9. Nxd4 Bd7 10. c4 Nxd4 11. Bxd4 Bc6 12. Rc1 Rc8 13. cxd5 Bxd5 14. Rxc8 Qxc8 15. Bxf6 Bxf6 16. Bxd5 exd5 17. Nf3 Qe6 18. Qd3 Rc8 19. Rd1 g6 20. Kg2 Kg7 21. e3 Qb6 22. Rd2 Rc5 23. Nd4 a6 24. h4 h5 25. Ne2 Qc6 26. Nf4 d4+ 27. e4 Rc3 28. Qe2 a5 29. Nd5 Rc5 30. Nxf6 Qxf6 31. Qd3 b5 32. Qxd4 Qxd4 33. Rxd4 Rc2 34. Rd5 Rxa2 35. Rxb5 a4 36. bxa4 Rxa4 37. Kf3 Ra3+ 38. Kf4 Ra2 39. f3 Ra3 40. g4 hxg4 41. Kxg4 Ra1 42. h5 Rg1+ 43. Kf4 gxh5 44. Rxh5 Kf6 45. Ra5 Ke7 46. Kf5 Rg6 47. Ra7+ Ke8 48. f4 Rc6 49. e5 Rb6 50. Rc7 Ra6 51. Kg5 Rg6+ 52. Kf5 Ra6 53. Rc1 Ke7 54. Rc4 Rb6 55. Ra4 Kd7 56. Ke4 f6 57. Ra7+ Ke8 58. Kf5 fxe5 59. fxe5 Rc6 60. Rg7 Ra6 1/2-1/2

[Event "Olot dels Volcans op"]
[Site "Olot"]
[Date "2010.06.05"]
[Round "5"]
[White "Tosan Pereira, Felipe"]
[Black "Fernandez Perez, Didier"]
[Result "1/2-1/2"]
[WhiteElo "2187"]
[BlackElo "2219"]
[PlyCount "72"]
[EventDate "2010.05.22"]
[EventType "swiss"]
[EventRounds "8"]
[EventCountry "ESP"]
[SourceTitle "EXT 2024"]
[Source "ChessBase"]
[SourceDate "2023.10.10"]
[SourceVersion "1"]
[SourceVersionDate "2023.10.10"]
[SourceQuality "1"]

1. e4 e6 2. d3 d5 3. Nd2 c5 4. Ngf3 Nc6 5. g3 Nf6 6. Bg2 Be7 7. 0-0 0-0 8. Re1 b5 9. Qe2 b4 10. e5 Ne8 11. h4 Nc7 12. Nf1 f5 13. exf6 Bxf6 14. Bg5 Bd7 15. c4 bxc3 16. bxc3 h6 17. Bxf6 Qxf6 18. c4 Rab8 19. Rab1 Nd4 20. Nxd4 cxd4 21. Nd2 Bc6 22. Nb3 dxc4 23. Bxc6 cxb3 24. Rxb3 Rxb3 25. axb3 Rb8 26. Qa2 Rb6 27. Be4 Nb5 28. Rc1 Nc3 29. Qxa7 Nxe4 30. dxe4 e5 31. Rc8+ Kh7 32. Qa4 Qf3 33. Qe8 Rf6 34. Qg8+ Kg6 35. Qe8+ Kh7 36. Qg8+ Kg6 1/2-1/2

[Event "Olot dels Volcans op"]
[Site "Olot"]
[Date "2010.05.29"]
[Round "4"]
[White "Fernandez Perez, Didier"]
[Black "Pham Guerrero, Sergi"]
[Result "1/2-1/2"]
[WhiteElo "2219"]
[BlackElo "2281"]
[PlyCount "72"]
[EventDate "2010.05.22"]
[EventType "swiss"]
[EventRounds "8"]
[EventCountry "ESP"]
[SourceTitle "EXT 2024"]
[Source "ChessBase"]
[SourceDate "2023.10.10"]
[SourceVersion "1"]
[SourceVersionDate "2023.10.10"]
[SourceQuality "1"]

1. d4 Nf6 2. c4 c5 3. d5 b5 4. cxb5 a6 5. bxa6 Bxa6 6. Nc3 d6 7. Nf3 g6 8. g3 Bg7 9. Bg2 0-0 10. 0-0 Nbd7 11. Rb1 Qa5 12. Qc2 Bc4 13. Nd2 Ba6 14. b3 Ng4 15. Bb2 Nge5 16. Bh3 Bxe2 17. b4 Qxb4 18. Ba1 Bd3 19. Rxb4 Bxc2 20. Rb7 Nf6 21. Rxe7 Bd3 22. Rd1 c4 23. Bf1 Rfe8 24. Rxe8+ Rxe8 25. Bxd3 cxd3 26. Nde4 Ra8 27. Nxf6+ Bxf6 28. Ne4 Be7 29. Bxe5 dxe5 30. d6 Bd8 31. Rxd3 Rxa2 32. Nc5 Ra7 33. Rd5 f6 34. Ne6 Rd7 35. Nc5 Ra7 36. Ne6 Rd7 1/2-1/2

[Event "Figueres op 10th"]
[Site "Figueres"]
[Date "2009.08.03"]
[Round "4"]
[White "Fernandez Perez, Didier"]
[Black "Mogro Flores, Simon"]
[Result "1-0"]
[WhiteElo "2166"]
[BlackElo "1954"]
[PlyCount "69"]
[EventDate "2009.08.01"]
[EventType "swiss"]
[EventRounds "9"]
[EventCountry "ESP"]
[SourceTitle "EXT 2010"]
[Source "ChessBase"]
[SourceDate "2010.11.25"]
[SourceVersion "1"]
[SourceVersionDate "2010.11.25"]
[SourceQuality "1"]

1. d4 Nf6 2. Nf3 e6 3. Bg5 d5 4. e3 Nbd7 5. Nbd2 Be7 6. Bd3 Nh5 7. Bxe7 Qxe7 8. 0-0 f5 9. Ne5 Nhf6 10. f4 0-0 11. Ndf3 c5 12. c3 Ne4 13. Nxd7 Bxd7 14. Bxe4 fxe4 15. Ne5 Bb5 16. Rf2 Rac8 17. Rc1 Be8 18. c4 b5 19. cxd5 exd5 20. dxc5 Rxc5 21. Rfc2 Rxc2 22. Rxc2 Bf7 23. Qd4 Qb7 24. Rc5 Be6 25. Rc6 Re8 26. Qc5 g5 27. Rc7 Qb8 28. fxg5 Qd8 29. h4 d4 30. exd4 e3 31. Qxa7 e2 32. Rg7+ Kf8 33. Kf2 Bc4 34. Rxh7 Rxe5 35. Qg7+ 1-0

[Event "Catalunya Vilanova Salt 35th"]
[Site "Salt"]
[Date "2009.06.05"]
[Round "7.4"]
[White "Cobos Navarro, Francesco"]
[Black "Fernandez Perez, Didier"]
[Result "1-0"]
[WhiteElo "2155"]
[BlackElo "2154"]
[PlyCount "55"]
[EventDate "2009.04.17"]
[EventType "swiss"]
[EventRounds "9"]
[EventCountry "ESP"]
[SourceTitle "EXT 2024"]
[Source "ChessBase"]
[SourceDate "2023.10.10"]
[SourceVersion "1"]
[SourceVersionDate "2023.10.10"]
[SourceQuality "1"]

1. e4 c6 2. d4 d5 3. exd5 cxd5 4. c4 Nf6 5. Nc3 e6 6. Nf3 Be7 7. cxd5 Nxd5 8. Bc4 Nxc3 9. bxc3 0-0 10. 0-0 Qc7 11. Qe2 Nd7 12. Bd2 b6 13. Rfe1 Bd6 14. Bd3 Bb7 15. Ng5 Nf6 16. h4 Bh2+ 17. Kh1 Bf4 18. Nh3 Bxd2 19. Qxd2 Rac8 20. Re3 Ng4 21. Rg3 f5 22. c4 Qe7 23. Re1 Qxh4 24. Kg1 Qf6 25. Nf4 Rfe8 26. Qd1 Qxd4 27. Rxg4 fxg4 28. Bxh7+ 1-0

[Event "Catalunya Vilanova Salt 35th"]
[Site "Salt"]
[Date "2009.05.29"]
[Round "6.2"]
[White "Fernandez Perez, Didier"]
[Black "Vidal Zamora, Alex"]
[Result "1/2-1/2"]
[WhiteElo "2154"]
[BlackElo "2039"]
[PlyCount "107"]
[EventDate "2009.04.17"]
[EventType "swiss"]
[EventRounds "9"]
[EventCountry "ESP"]
[SourceTitle "EXT 2024"]
[Source "ChessBase"]
[SourceDate "2023.10.10"]
[SourceVersion "1"]
[SourceVersionDate "2023.10.10"]
[SourceQuality "1"]

1. d4 Nf6 2. Nf3 e6 3. Bf4 d5 4. e3 Bd6 5. Bd3 0-0 6. 0-0 c5 7. Bxd6 Qxd6 8. c3 b6 9. Qe2 Nbd7 10. Nbd2 Bb7 11. Rad1 Rfe8 12. Ba6 Bxa6 13. Qxa6 Qe7 14. Qd3 e5 15. dxe5 Nxe5 16. Nxe5 Qxe5 17. Rfe1 Rad8 18. a4 Qc7 19. Nf1 Ne4 20. Ra1 c4 21. Qc2 Nc5 22. Ng3 a5 23. Ne2 Nd3 24. Red1 Re6 25. Nc1 Ne5 26. Rd4 Rg6 27. Qd1 Qe7 28. Qe2 Qe6 29. f4 Nc6 30. Rd1 Re8 31. b3 h6 32. bxc4 dxc4 33. Rb1 Qxe3+ 34. Qxe3 Rxe3 35. Rxb6 Rxc3 36. f5 Rf6 37. Ne2 Rb3 38. Rxb3 cxb3 39. Rb1 Rxf5 40. Rxb3 Re5 41. Nc3 Nb4 42. Kf2 Kh7 43. Nb1 f5 44. Nd2 Rd5 45. Nc4 Rc5 46. Nxa5 Rxa5 47. Rxb4 Re5 48. Rb5 Re4 49. Ra5 Kg6 50. Ra7 Kh5 51. a5 Ra4 52. Rxg7 Rxa5 53. Kf3 Ra4 54. Rg8 1/2-1/2

[Event "Catalunya Vilanova Salt 35th"]
[Site "Salt"]
[Date "2009.05.08"]
[Round "3.2"]
[White "Fernandez Perez, Didier"]
[Black "Galvez Riera, Francesco"]
[Result "1-0"]
[WhiteElo "2154"]
[BlackElo "1886"]
[PlyCount "131"]
[EventDate "2009.04.17"]
[EventType "swiss"]
[EventRounds "9"]
[EventCountry "ESP"]
[SourceTitle "EXT 2024"]
[Source "ChessBase"]
[SourceDate "2023.10.10"]
[SourceVersion "1"]
[SourceVersionDate "2023.10.10"]
[SourceQuality "1"]

1. d4 f5 2. Nf3 Nf6 3. c4 e6 4. Bg5 d5 5. e3 c6 6. Nc3 Bd6 7. Bd3 0-0 8. 0-0 Nbd7 9. Qc2 Qc7 10. cxd5 cxd5 11. Rfc1 a6 12. Qe2 Qb8 13. Bf4 Ne4 14. Bxd6 Qxd6 15. Rc2 Ndf6 16. Ne5 Bd7 17. Rac1 Nc5 18. Nxd5 Nxd3 19. Nxf6+ gxf6 20. Nxd3 Bc6 21. Qh5 Kh8 22. Nf4 Rg8 23. d5 Rg5 24. Qh6 exd5 25. Rd2 Rag8 26. Rd4 Qe7 27. g3 Rd8 28. Rcd1 Qf7 29. b4 Rgg8 30. h4 Rge8 31. R1d2 Re5 32. a3 Bb5 33. h5 Kg8 34. Kh2 Rd7 35. Rd1 Bc4 36. Rg1 Qg7 37. Qxg7+ Kxg7 38. Rgd1 b5 39. R1d2 Kh6 40. a4 Kg7 41. axb5 axb5 42. Rd1 Kf7 43. Kg2 Re4 44. Kf3 Rxd4 45. Rxd4 Ke7 46. Rd1 Bb3 47. Ra1 Ba4 48. Rc1 d4 49. exd4 Rxd4 50. Rc7+ Rd7 51. Nd5+ Kd6 52. Rxd7+ Kxd7 53. Nxf6+ Ke6 54. Nxh7 Bd1+ 55. Ke3 Bxh5 56. Kd4 Kd6 57. Nf6 Bf3 58. Ne8+ Kd7 59. Ng7 f4 60. gxf4 Bg4 61. Ke5 Ke7 62. Nf5+ Kf8 63. Nd4 Bd7 64. Kd6 Ke8 65. Kc5 Kf7 66. Nxb5 1-0